| 000 | 00000nes 2200000za 4500 |
|---|---|
| 001 | 9.816596 |
| 003 | CaOODSP |
| 005 | 20251128105352 |
| 006 | s|| m f0 | |
| 006 | m o c f |
| 007 | cr ||||||||||| |
| 008 | 150406c20119999xxc||||||||||fo | ||fre|d |
| 040 | |aCaOODSP|bfre |
| 043 | |an-cn--- |
| 086 | 1 |aM48F-PDF |
| 245 | 00|aCarte série "A" |h[resource électronique] |
| 260 | |aOttawa : |bRessources naturelles Canada,|c[2011?]- |
| 310 | |aIrrégulier. |
| 710 | 2 |aCommission géologique du Canada. |
| 775 | 08|t"A" series map |w(CaOODSP)9.507196 |
| 776 | 0#|tCarte série "A" |w(CaOODSP)9.513396 |